[Event "XXVI Miedzynarodowy Festiwal Szachowy w Poznaniu - OPEN A"]
[Site "Poznan"]
[Date "2018-08-21"]
[Round "4.17"]
[White "Sobczak, Miroslaw"]
[Black "Wloch, Mikolaj "]
[Result "1/2-1/2"]
[WhiteTitle ""]
[BlackTitle ""]
[WhiteElo "1955"]
[BlackElo "1772"]

1. e4 c5 2. Nc3 Nc6 3. f4 d6 4. Nf3 Nf6 5. Bc4 e6 6. d3 Be7 7. O-O O-O 8. Qe1 d5
9. Bb3 b6 10. e5 Ne8 11. Bd2 Nc7 12. a4 Ba6 13. Rd1 Nb4 14. Ne2 Bxd3 15. cxd3
Nxd3 16. Qg3 Nxb2 17. f5 Nxd1 18. f6 Bxf6 19. exf6 Ne8 20. fxg7 Nxg7 21. Ng5 Qe7
22. Bxd1 f6 1/2-1/2

[Event "XXVI Miedzynarodowy Festiwal Szachowy w Poznaniu - OPEN A"]
[Site "Poznan"]
[Date "2018-08-21"]
[Round "4.18"]
[White "Huchwajda, Lukasz"]
[Black "Pawlowski, Rafal "]
[Result "1-0"]
[WhiteTitle ""]
[BlackTitle ""]
[WhiteElo "1945"]
[BlackElo "1791"]

1. e4 e6 2. d4 d5 3. Nc3 Bb4 4. e5 b6 5. a3 Bf8 6. Nf3 Ne7 7. Bd3 Ba6 8. Nb5 Nf5
9. g4 Nh6 10. h3 c6 11. Nc3 Bxd3 12. Qxd3 Nd7 13. Ne2 c5 14. c3 c4 15. Qc2 Ng8
16. Bg5 Qc7 17. h4 h6 18. Bf4 Ne7 19. h5 O-O-O 20. Bg3 Re8 21. Nf4 Qc6 22. Kd2
f6 23. exf6 Nxf6 24. Ne5 Ne4+ 25. Qxe4 dxe4 26. Nxc6 Nxc6 27. Ng6 Rg8 28. Rae1
Kd7 29. Rxe4 Bd6 30. Bxd6 Kxd6 31. Rhe1 b5 32. f4 Kd7 33. Nh4 a5 34. f5 e5 35.
dxe5 Rb8 36. Ke3 Ne7 37. Rd4+ Kc6 38. Red1 Rge8 39. Kf4 Kc5 40. Ng6 b4 41. Nxe7
Rxe7 42. Rd5+ Kc6 43. Rd6+ Kb5 44. axb4 axb4 45. Ra1 Rbe8 46. Rda6 1-0

[Event "XXVI Miedzynarodowy Festiwal Szachowy w Poznaniu - OPEN A"]
[Site "Poznan"]
[Date "2018-08-21"]
[Round "4.19"]
[White "Grochowski, Michal "]
[Black "Kaluzny, Lukasz"]
[Result "0-1"]
[WhiteTitle ""]
[BlackTitle ""]
[WhiteElo "1781"]
[BlackElo "1943"]

1. e4 c5 2. Nf3 Nc6 3. d4 cxd4 4. Nxd4 Nf6 5. Nc3 d6 6. g3 e6 7. Bg2 Be7 8. O-O
O-O 9. Be3 a6 10. h3 Qc7 11. Nxc6 bxc6 12. Na4 d5 13. Bb6 Qb8 14. exd5 cxd5 15.
c4 Bd7 16. c5 Bc6 17. Nc3 Nd7 18. Qd4 Qb7 19. a4 e5 20. Nxd5 exd4 21. Nxe7+ Kh8
22. Bxc6 Qb8 23. Bxd7 Qb7 24. Bc6 Qxe7 25. Bxa8 Rxa8 26. a5 Qd7 27. Rfd1 h5 28.
h4 d3 29. Rac1 g5 30. c6 Qf5 31. Rc3 gxh4 32. Rcxd3 h3 33. Rd8+ Kh7 34. Kh2 Qf3
35. Kxh3 Rxd8 36. Bxd8 Qxd1 0-1

[Event "XXVI Miedzynarodowy Festiwal Szachowy w Poznaniu - OPEN A"]
[Site "Poznan"]
[Date "2018-08-21"]
[Round "4.20"]
[White "Szuminski, Marek "]
[Black "Chaczynski, Kamil"]
[Result "1/2-1/2"]
[WhiteTitle ""]
[BlackTitle ""]
[WhiteElo "1942"]
[BlackElo "1760"]

1. d4 Nf6 2. c4 g6 3. Nc3 Bg7 4. e4 d6 5. Nf3 O-O 6. Be2 e5 7. O-O Nc6 8. d5 Ne7
9. Ne1 Nd7 10. Nd3 f5 11. Bd2 Nf6 12. f3 f4 13. Rc1 g5 14. c5 Ng6 15. cxd6 cxd6
16. Nb5 Rf7 17. Qc2 h5 18. Nc7 Rb8 19. Nf2 Bf8 20. h3 Rg7 21. Ne6 Bxe6 22. dxe6
Ne7 23. Qa4 Nc6 24. Rfd1 Qb6 25. Qb5 Qxb5 26. Bxb5 Nd4 27. Bc4 b5 28. e7+ bxc4
29. exf8=Q+ Kxf8 30. Rxc4 Rxb2 31. Bb4 Rd7 32. Nd3 Rxa2 33. Nxe5 Ne2+ 34. Kh2
Rd8 35. Nc6 Rc8 36. Bxd6+ Kg7 37. Be5 g4 38. fxg4 hxg4 39. Bxf6+ Kxf6 1/2-1/2

[Event "XXVI Miedzynarodowy Festiwal Szachowy w Poznaniu - OPEN A"]
[Site "Poznan"]
[Date "2018-08-21"]
[Round "4.21"]
[White "Kacprzak, Kacper "]
[Black "Nadstoga, Wojciech "]
[Result "1-0"]
[WhiteTitle ""]
[BlackTitle ""]
[WhiteElo "1768"]
[BlackElo "1928"]

1. e4 d6 2. d4 g6 3. Nc3 Bg7 4. Be3 Nf6 5. h3 O-O 6. f4 c5 7. Nf3 Qa5 8. Qd2 a6
9. e5 cxd4 10. Bxd4 Nfd7 11. exd6 Bxd4 12. dxe7 Re8 13. Nxd4 Rxe7+ 14. Be2 Nf6
15. O-O-O Qc7 16. Bf3 Bd7 17. Rhe1 Rxe1 18. Rxe1 Nc6 19. Nxc6 Bxc6 20. Bxc6 Qxc6
21. Qd4 Rc8 22. g4 b5 23. Re2 Qh1+ 24. Nd1 Qc6 25. Qc3 Nd5 26. Qxc6 Rxc6 27. Re4
Re6 28. Rd4 Ne7 29. Nf2 Nc6 30. Re4 Rd6 31. c3 Na5 32. Kc2 f6 33. b3 Kf7 34. Nd3
Nb7 35. c4 bxc4 36. Rxc4 Ke6 37. Rc7 Rb6 38. Rxb7 1-0

[Event "XXVI Miedzynarodowy Festiwal Szachowy w Poznaniu - OPEN A"]
[Site "Poznan"]
[Date "2018-08-21"]
[Round "4.22"]
[White "Niedbala, Wojciech "]
[Black "Huchwajda, Grzegorz"]
[Result "1-0"]
[WhiteTitle ""]
[BlackTitle ""]
[WhiteElo "1914"]
[BlackElo "1531"]

1. d4 d5 2. Bf4 Nf6 3. e3 c5 4. c3 Nc6 5. Bd3 Nh5 6. Qxh5 g6 7. Qd1 cxd4 8. exd4
Bg7 9. Nf3 O-O 10. O-O e6 11. Nbd2 Bd7 12. Re1 a6 13. Ne5 Nxe5 14. Bxe5 b5 15.
Bxg7 Kxg7 16. Nb3 h5 17. Nc5 h4 18. Re3 Rh8 19. Qg4 f5 20. Qe2 1-0

[Event "XXVI Miedzynarodowy Festiwal Szachowy w Poznaniu - OPEN A"]
[Site "Poznan"]
[Date "2018-08-21"]
[Round "4.23"]
[White "Geselle, Roman "]
[Black "Norov, Artem "]
[Result "0-1"]
[WhiteTitle ""]
[BlackTitle ""]
[WhiteElo "1461"]
[BlackElo "1905"]

1. d4 d5 2. Nf3 Nf6 3. c4 c6 4. e3 e6 5. a3 Nbd7 6. Nc3 Bd6 7. h3 O-O 8. Bd2 a5
9. c5 Bc7 10. Bd3 e5 11. Be2 Re8 12. O-O Nf8 13. Nh2 Ne6 14. Nf3 Nf8 15. Na4 Ne4
16. dxe5 Nd7 17. Rc1 Nxe5 18. Nxe5 Bxe5 19. Be1 Bc7 20. Bd3 Qg5 21. f4 Qe7 22.
Qf3 Bf5 23. Bb1 Nxc5 24. Nxc5 Bxb1 25. Bf2 Be4 26. Qg4 f5 27. Qe2 Bb6 28. Na4
Bc7 29. Nc5 Bd6 30. Nb3 Qf6 31. Qd2 Qg6 32. g3 Qh5 33. Kh2 Re6 34. Nxa5 Qxh3+
0-1

[Event "XXVI Miedzynarodowy Festiwal Szachowy w Poznaniu - OPEN A"]
[Site "Poznan"]
[Date "2018-08-21"]
[Round "4.25"]
[White "Kaluzny, Jan "]
[Black "Kozlowska, Marzena "]
[Result "0-1"]
[WhiteTitle ""]
[BlackTitle ""]
[WhiteElo "1375"]
[BlackElo "1901"]

1. e4 e6 2. d4 d5 3. e5 c5 4. c3 Nc6 5. Nf3 Bd7 6. a3 c4 7. Be2 Nge7 8. O-O Qb6
9. Nbd2 Na5 10. Rb1 Rc8 11. Qc2 Ng6 12. Rd1 Be7 13. Re1 a6 14. b3 cxb3 15. Nxb3
Nxb3 16. Qxb3 Qxb3 17. Rxb3 Rc7 18. Bd2 O-O 19. Reb1 b5 20. g3 Rfc8 21. Ne1 Be8
22. Nc2 Nf8 23. R3b2 Ra8 24. Nb4 Nd7 25. Bf1 Nb6 26. Rb3 h6 27. Nc2 Kh7 28. Bd3+
g6 29. R3b2 Na4 30. Rb3 Bc6 31. Nb4 Bb7 32. Rc1 Re8 33. Be2 Nb6 34. Bd3 Nc4 35.
Bxc4 bxc4 36. Rbb1 a5 37. Nc2 Bc6 38. Rd1 Rb7 39. a4 Reb8 40. Ra1 Rb2 41. Rdc1
g5 42. Be1 f6 43. exf6 Bxf6 44. Ne3 Be8 45. Nd1 R2b3 46. Ne3 Bg6 47. Bd2 Rb2 48.
Be1 Be7 49. Ng4 Bd6 50. Ne3 Be4 51. Kf1 h5 52. Ng2 h4 53. Ne3 hxg3 54. hxg3 Kg6
55. Kg1 Rh8 56. Ng2 Bxg3 57. Rd1 Bh2+ 58. Kf1 Bd3+ 59. Rxd3 cxd3 60. Rd1 Bd6 61.
Kg1 Bh2+ 62. Kf1 0-1

[Event "XXVI Miedzynarodowy Festiwal Szachowy w Poznaniu - OPEN A"]
[Site "Poznan"]
[Date "2018-08-21"]
[Round "4.26"]
[White "Lisiecki, Robert "]
[Black "Stachowiak, Slawomir "]
[Result "1/2-1/2"]
[WhiteTitle ""]
[BlackTitle ""]
[WhiteElo "1759"]
[BlackElo "1872"]

1. e4 e5 2. Nf3 Nc6 3. d4 exd4 4. Nxd4 Nf6 5. Nxc6 bxc6 6. e5 Qe7 7. Qe2 Nd5 8.
c4 Nb6 9. b3 g6 10. Bb2 Bg7 11. g3 O-O 12. Bg2 Re8 13. O-O Bxe5 14. Bxe5 Qxe5
15. Qxe5 Rxe5 16. f4 Re7 17. Nc3 Bb7 18. Ne4 d5 19. Nc5 Bc8 20. Rad1 Bg4 21. Rd4
Rd8 22. a4 Nd7 23. Nb7 Rde8 24. cxd5 cxd5 25. Bxd5 Nf6 26. Bc6 Rb8 27. Nc5 Bh3
28. Bg2 Bxg2 29. Kxg2 Ng4 30. Rb1 h5 31. Rb2 Rbe8 32. Rdd2 Re1 33. Nd3 R1e4 34.
Nc5 Re1 35. Nd3 R1e4 36. Nc5 1/2-1/2

[Event "XXVI Miedzynarodowy Festiwal Szachowy w Poznaniu - OPEN A"]
[Site "Poznan"]
[Date "2018-08-21"]
[Round "4.28"]
[White "Rozumek, Krzysztof "]
[Black "Lesien, Tymoteusz"]
[Result "1-0"]
[WhiteTitle ""]
[BlackTitle ""]
[WhiteElo "1848"]
[BlackElo "1147"]

1. Nf3 d5 2. b3 c5 3. Bb2 Nc6 4. e3 Bg4 5. Bb5 e6 6. h3 Bh5 7. g4 Bg6 8. Ne5 Qb6
9. Bxc6+ bxc6 10. c4 Ne7 11. h4 f6 12. Nxg6 Nxg6 13. Qc2 Bd6 14. f4 d4 15. Qe4
e5 16. Na3 O-O-O 17. f5 Ne7 18. O-O-O g6 19. Rdf1 Rdf8 20. Rf2 Rf7 21. Rhf1 Rhf8
22. Nc2 Kb8 23. Ne1 Qa6 24. Kb1 Qc8 25. Nd3 Qc7 26. Rc1 Qb6 27. Kc2 Kc7 28. Kb1
Kb8 29. Ba3 Qa6 30. Kb2 Kc7 31. exd4 cxd4 32. Bxd6+ Kxd6 33. c5+ Kd7 34. Rc4 Rb8
35. fxg6 Nxg6 36. h5 Ne7 37. Nxe5+ fxe5 38. Rxf7 1-0

[Event "XXVI Miedzynarodowy Festiwal Szachowy w Poznaniu - OPEN A"]
[Site "Poznan"]
[Date "2018-08-21"]
[Round "4.29"]
[White "Czarnolewski, Piotr"]
[Black "Duszczak, Dariusz"]
[Result "1/2-1/2"]
[WhiteTitle ""]
[BlackTitle ""]
[WhiteElo "1634"]
[BlackElo "1845"]

1. Nf3 e6 2. g3 b6 3. Bg2 Bb7 4. O-O f5 5. d3 Nf6 6. Nbd2 Be7 7. Re1 d5 8. c4 O-O
9. Qc2 Ng4 10. h3 Nh6 11. e4 c5 12. exd5 exd5 13. Ne5 Nf7 14. Ndf3 Nd7 15. Nxf7
Rxf7 16. Ne5 Rf8 17. cxd5 Nxe5 18. Rxe5 Bf6 19. Rxf5 g6 20. Rf4 Bxd5 21. Rxf6
Rxf6 22. Bg5 Bxg2 23. Bxf6 Qd5 24. Qc4 Qxc4 25. dxc4 Bxh3 26. Re1 1/2-1/2

[Event "XXVI Miedzynarodowy Festiwal Szachowy w Poznaniu - OPEN A"]
[Site "Poznan"]
[Date "2018-08-21"]
[Round "4.30"]
[White "Polarczyk, Pawel "]
[Black "Plichta, Olga"]
[Result "1-0"]
[WhiteTitle ""]
[BlackTitle ""]
[WhiteElo "1811"]
[BlackElo "1244"]

1. g3 d5 2. Bg2 Nf6 3. Nf3 c6 4. O-O Bf5 5. b3 Nbd7 6. Bb2 e6 7. d3 Be7 8. Nbd2
O-O 9. Nh4 Bg6 10. Nxg6 fxg6 11. Bh3 e5 12. e4 d4 13. Nf3 h6 14. Nh4 Kh7 15. f4
exf4 16. gxf4 Nh5 17. Nxg6 Kxg6 18. Qg4+ Kh7 19. Qxh5 g6 20. Qg4 Nf6 21. Qe6 c5
22. f5 Rg8 23. Kh1 g5 24. e5 Qd5+ 25. Qxd5 Nxd5 26. Rae1 Ne3 27. Rf2 g4 28. Bg2
Bh4 29. Rxe3 Bxf2 30. Re2 Be3 31. Bxb7 Rae8 32. e6 Rg5 33. Be4 Kg7 34. c3 Kf6
35. cxd4 cxd4 36. Rxe3 1-0

[Event "XXVI Miedzynarodowy Festiwal Szachowy w Poznaniu - OPEN A"]
[Site "Poznan"]
[Date "2018-08-21"]
[Round "4.31"]
[White "Nowak, Roksana "]
[Black "Roszkiewicz, Anna"]
[Result "0-1"]
[WhiteTitle ""]
[BlackTitle ""]
[WhiteElo "1329"]
[BlackElo "1750"]

1. f4 d5 2. Nf3 g6 3. e3 Bg7 4. d4 Nf6 5. c4 e6 6. Nc3 O-O 7. cxd5 exd5 8. Bd3
Re8 9. O-O b6 10. h3 Bb7 11. Re1 Nbd7 12. b3 Ne4 13. Bb2 Nxc3 14. Bxc3 Nf6 15.
Bb2 Ne4 16. Rc1 Rc8 17. Bxe4 Rxe4 18. Ng5 Re8 19. Nf3 Qd6 20. Ne5 f6 21. Nd3 Re6
22. Qf3 Ba6 23. Nf2 f5 24. Rcd1 Rce8 25. Nd3 Bxd3 26. Rxd3 Qd7 27. Rdd1 Re4 28.
Rd3 c5 29. Qf2 Qb5 30. Rdd1 c4 31. bxc4 Qxc4 32. Ba1 Rc8 33. Rd2 Bf8 34. Rde2
Qa4 35. Kh2 Re6 36. Qf1 Rec6 37. Qf3 Qa5 38. Qf1 Rc2 39. Qf2 Qxa2 40. Bb2 Qxb2
41. Qf3 Rxe2 42. Qxd5+ Kh8 43. Rxe2 Qxe2 44. Qd7 Rc2 45. Qd5 Qxg2+ 46. Qxg2 Rxg2+
47. Kxg2 a5 0-1

[Event "XXVI Miedzynarodowy Festiwal Szachowy w Poznaniu - OPEN A"]
[Site "Poznan"]
[Date "2018-08-21"]
[Round "4.32"]
[White "Kupsik, Joanna "]
[Black "Cichon, Ludwik "]
[Result "1-0"]
[WhiteTitle ""]
[BlackTitle ""]
[WhiteElo "1732"]
[BlackElo "1139"]

1. e4 e5 2. Nf3 Nc6 3. d4 exd4 4. Nxd4 Nxd4 5. Qxd4 d6 6. Nc3 Nf6 7. Bg5 Be7 8.
O-O-O O-O 9. f3 Nd7 10. Bxe7 Qxe7 11. Nd5 Qd8 12. h4 Nc5 13. Kb1 Be6 14. Nf4 Qf6
15. Qxf6 gxf6 16. g4 Kh8 17. Be2 Rg8 18. Rd2 Rae8 19. Rhd1 Bc8 20. Nd5 Kg7 21.
Nxc7 Rd8 22. Rxd6 Rxd6 23. Rxd6 Ne6 24. Nb5 a6 25. Nc3 Nf4 26. Bd1 h5 27. gxh5
Nxh5 28. Nd5 Rh8 29. Kc1 Be6 30. Kd2 Kg6 31. Ke3 Re8 32. Nc7 Re7 33. Nxe6 fxe6
34. f4 Ng7 35. Rb6 Kh6 36. Be2 Kg6 37. a4 f5 38. e5 Ne8 39. Bf3 Kf7 40. Rxb7 Rxb7
41. Bxb7 Nc7 42. Kd4 Kg6 43. Bf3 Ne8 44. b4 Ng7 45. b5 axb5 46. axb5 Nh5 47. Bxh5+
Kxh5 48. b6 Kxh4 49. b7 Kg4 50. Ke3 Kh5 51. b8=Q Kg6 52. Qg8+ Kh5 53. Qg5# 1-0

[Event "XXVI Miedzynarodowy Festiwal Szachowy w Poznaniu - OPEN A"]
[Site "Poznan"]
[Date "2018-08-21"]
[Round "4.34"]
[White "Najdzionek, Boleslaw "]
[Black "Kierska, Pola"]
[Result "1-0"]
[WhiteTitle ""]
[BlackTitle ""]
[WhiteElo "1715"]
[BlackElo "1070"]

1. d4 e6 2. c4 Bb4+ 3. Bd2 Bxd2+ 4. Nxd2 Nf6 5. e4 d6 6. Ngf3 O-O 7. Bd3 Nfd7 8.
O-O c5 9. d5 Nb6 10. Rc1 Na6 11. a3 Qf6 12. Rc2 e5 13. h3 Qg6 14. Nh4 Qf6 15.
Nf5 Bd7 16. b3 Rfe8 17. Re1 Rad8 18. Re3 Bxf5 19. exf5 Nc7 20. Ne4 Qh6 21. Rg3
f6 22. Rg4 Qh5 23. Nxf6+ Kf7 24. Nxh5 Rg8 25. Qf3 Ke7 26. Nxg7 Kd7 27. f6 h5 28.
Qf5+ Ne6 29. Qxe6+ Kc7 30. Nxh5 Rxg4 31. hxg4 a5 32. g5 Kb8 33. g6 Ka7 34. g7
Ka6 35. f7 a4 36. bxa4 Nxa4 37. f8=R Rxf8 38. gxf8=R e4 39. Ra8+ Kb6 40. Qxd6#
1-0

[Event "XXVI Miedzynarodowy Festiwal Szachowy w Poznaniu - OPEN A"]
[Site "Poznan"]
[Date "2018-08-21"]
[Round "4.35"]
[White "Weglarz, Janusz"]
[Black "Cichon, Mieczyslaw "]
[Result "1-0"]
[WhiteTitle ""]
[BlackTitle ""]
[WhiteElo "1707"]
[BlackElo "1199"]

1. Nf3 e6 2. e3 Nc6 3. c4 Nf6 4. Nc3 Bb4 5. Be2 O-O 6. O-O b6 7. a3 Be7 8. b4 Bb7
9. d4 Bd6 10. c5 Be7 11. Bb2 d6 12. b5 Nb8 13. c6 Bc8 14. Qc2 d5 15. h3 Bd6 16.
Bd3 h6 17. Ne2 Re8 18. Bc3 a6 19. a4 g6 20. Bxg6 Kg7 21. Bd3 Rg8 22. Ne5 Kf8 23.
Nf4 Bxe5 24. dxe5 Ne4 25. Bxe4 dxe4 26. Qxe4 axb5 27. axb5 Rxa1 28. Rxa1 Qg5 29.
Ra8 Ke7 30. Rxb8 Rd8 31. Qb4+ Ke8 32. Bd4 Qf5 33. Qb2 Ke7 34. Kh2 Rg8 35. Qa3+
Kd8 36. Rxc8+ 1-0

[Event "XXVI Miedzynarodowy Festiwal Szachowy w Poznaniu - OPEN A"]
[Site "Poznan"]
[Date "2018-08-21"]
[Round "4.36"]
[White "Zurawski, Kamil"]
[Black "Kabzinski, Jan "]
[Result "1-0"]
[WhiteTitle ""]
[BlackTitle ""]
[WhiteElo "1690"]
[BlackElo "1522"]

1. e4 c5 2. Nc3 Nc6 3. f4 g6 4. Nf3 Bg7 5. Bb5 d6 6. O-O Bd7 7. a4 Nf6 8. d3 O-O
9. Bc4 Bg4 10. h3 Bxf3 11. Qxf3 Nd4 12. Qf2 Nd7 13. Nd1 Rb8 14. c3 Nc6 15. Ne3
a6 16. Qg3 b5 17. Bd5 Na5 18. f5 Nf6 19. fxg6 hxg6 20. Rxf6 exf6 21. Qxg6 f5 22.
Nxf5 Qf6 23. Nh6+ Kh8 24. Nxf7+ Rxf7 25. Qxf7 Qxf7 26. Bxf7 b4 27. Bd2 Nc6 28.
Bc4 a5 29. Bb5 Ne7 30. Rf1 d5 31. Rf7 Ng6 32. Ra7 Rf8 33. Rxa5 Nf4 34. Bxf4 Rxf4
35. g3 Rf3 36. Kg2 dxe4 37. dxe4 Re3 38. Kf2 Bh6 39. Ra6 Kg7 40. Rxh6 1-0

[Event "XXVI Miedzynarodowy Festiwal Szachowy w Poznaniu - OPEN A"]
[Site "Poznan"]
[Date "2018-08-21"]
[Round "4.37"]
[White "Pietras, Igor"]
[Black "Szczepaniak, Artur "]
[Result "1/2-1/2"]
[WhiteTitle ""]
[BlackTitle ""]
[WhiteElo "1140"]
[BlackElo "1677"]

1. e4 c5 2. c3 d5 3. exd5 Qxd5 4. d4 e6 5. Nf3 Nf6 6. Be3 cxd4 7. Qxd4 Nc6 8. Qxd5
Nxd5 9. Bd2 a6 10. c4 Nf6 11. Nc3 Bc5 12. Be2 O-O 13. O-O Nd4 14. Nxd4 Bxd4 15.
Rfd1 e5 16. Be3 Bxe3 17. fxe3 Bg4 18. Bxg4 Nxg4 19. Nd5 Rfd8 20. h3 Nf6 21. Nxf6+
gxf6 22. g4 Kf8 23. Kf2 Rxd1 24. Rxd1 Ke7 25. Kf3 Ke6 26. Ke4 h5 27. c5 hxg4 28.
hxg4 Rg8 29. Kf3 Rc8 30. b4 a5 31. a3 axb4 32. axb4 Rc6 33. e4 b6 34. Rc1 bxc5
35. bxc5 Kd7 36. Ke3 Ra6 37. Kd3 Kc6 38. Kc4 Ra4+ 39. Kd3 Ra3+ 40. Kc4 Re3 41.
Rf1 Rxe4+ 42. Kd3 Rxg4 43. Rxf6+ Kxc5 44. Rxf7 Kd5 45. Rd7+ Ke6 46. Ra7 Rh4 47.
Ke3 Rb4 48. Rh7 Rb1 49. Rh8 Re1+ 50. Kd3 e4+ 51. Kd4 Kf5 52. Rf8+ Kg4 53. Re8
Kf3 54. Rf8+ Kg3 55. Rg8+ Kf2 56. Rf8+ Kg2 57. Rg8+ Kf3 58. Rf8+ Kg4 59. Rg8+
Kf3 60. Rf8+ Kg3 61. Re8 Rd1+ 62. Ke3 Kg2 63. Rxe4 Re1+ 64. Kd3 Rxe4 65. Kxe4
1/2-1/2

[Event "XXVI Miedzynarodowy Festiwal Szachowy w Poznaniu - OPEN A"]
[Site "Poznan"]
[Date "2018-08-21"]
[Round "4.38"]
[White "Szafranski, Piotr"]
[Black "Biniak, Zuzanna"]
[Result "1-0"]
[WhiteTitle ""]
[BlackTitle ""]
[WhiteElo "1670"]
[BlackElo "1048"]

1. e4 e5 2. Nf3 Nc6 3. Bb5 a6 4. Bxc6 dxc6 5. O-O Bd6 6. d4 Bg4 7. dxe5 Bxf3 8.
Qxf3 Bxe5 9. Nd2 b5 10. Rd1 Qe7 11. Nb3 Nf6 12. c3 c5 13. Be3 c4 14. Bc5 Bd6 15.
e5 Bxc5 16. Qxa8+ Qd8 17. Qxd8# 1-0

[Event "XXVI Miedzynarodowy Festiwal Szachowy w Poznaniu - OPEN A"]
[Site "Poznan"]
[Date "2018-08-21"]
[Round "4.39"]
[White "Nowak, Patrycja"]
[Black "Hoffmann, Piotr"]
[Result "0-1"]
[WhiteTitle ""]
[BlackTitle ""]
[WhiteElo "1221"]
[BlackElo "1649"]

1. d4 c5 2. Bf4 cxd4 3. Qxd4 Nc6 4. Qd1 e5 5. Bg3 d5 6. e3 Bb4+ 7. c3 Be7 8. Bb5
Bf6 9. h3 a6 10. Ba4 Nge7 11. Ne2 O-O 12. O-O Qb6 13. Bb3 Bf5 14. Nd2 Rad8 15.
Nf3 Rd7 16. Bh4 Bxh4 17. Nxh4 Be6 18. Nf3 h6 19. Qd2 Rfd8 20. Ba4 Qc7 21. Bxc6
Nxc6 22. Rfd1 f5 23. Qc2 Rf7 24. Rac1 Rdf8 25. Nh4 Rf6 26. f4 g5 27. fxg5 hxg5
28. Nf3 Qg7 29. Ng3 Rh6 30. Rf1 f4 31. exf4 gxf4 32. Nh1 Bxh3 33. Qf2 Bxg2 34.
Qxg2 Rg6 35. Qxg6 Qxg6+ 36. Kf2 Kh8 37. Rce1 e4 38. Rg1 Qd6 39. Ng5 Qc5+ 40. Ke2
Qc4+ 41. Kd2 Qxa2 42. Kc2 Na5 43. Re2 Nc4 44. Rh2+ Kg7 45. Nxe4+ Kf7 46. Ng5+
Ke8 47. Re1+ Ne3+ 48. Kd3 Qc4+ 49. Kd2 d4 50. Ree2 dxc3+ 51. bxc3 Qd5+ 0-1

[Event "XXVI Miedzynarodowy Festiwal Szachowy w Poznaniu - OPEN A"]
[Site "Poznan"]
[Date "2018-08-21"]
[Round "4.41"]
[White "Hoffmann, Kacper "]
[Black "Zarzycki, Lukasz "]
[Result "0-1"]
[WhiteTitle ""]
[BlackTitle ""]
[WhiteElo "1569"]
[BlackElo "1130"]

1. d4 Nf6 2. Nf3 e6 3. c4 d5 4. Nc3 Bb4 5. e3 O-O 6. Bd3 dxc4 7. Bxc4 c5 8. O-O
cxd4 9. exd4 Qc7 10. Qb3 Bd6 11. Nb5 Qd8 12. Bg5 Be7 13. Bf4 Na6 14. Rac1 Ne8
15. d5 Nc5 16. Qe3 a6 17. d6 Nxd6 18. Nxd6 Bxd6 19. Rfd1 Bxf4 20. Qxf4 Qe7 21.
Ne5 f6 22. Ng4 b5 23. Be2 Bb7 24. b4 e5 25. Qe3 Ne6 26. Qb6 Nd4 27. Bf1 Rac8 28.
a3 Qd7 29. Ne3 Rc6 30. Rxc6 Qxc6 31. Qxc6 Bxc6 32. Rc1 g6 33. Nd1 Rc8 34. Nb2
Bb7 35. Rxc8+ Bxc8 36. Bd3 Kf7 37. Kf1 Bf5 38. Bxf5 gxf5 39. Nd3 Nc2 40. Nc5 Nxa3
41. Nxa6 Nc2 42. Nc7 Nxb4 43. Nxb5 Nd5 44. Ke2 e4 45. g3 Ke6 46. Nd4+ Ke5 47.
Nc6+ Kd6 48. Nd4 Ne7 49. Nb5+ Ke5 50. Nc3 Nd5 51. Nb5 f4 52. gxf4+ Kxf4 53. Nd6
h5 54. h3 h4 55. Nf7 f5 56. Nd6 Ne7 57. Nc4 Ng6 58. Ne3 Ke5 59. Nc4+ Kd4 60. Nd6
f4 61. Nb5+ Ke5 62. Nc3 Kf5 63. Kd2 Ne5 64. Ke2 Nc4 65. Nd5 Ke5 66. Nc3 Kd4 67.
Nb5+ Ke5 68. Nc3 Kf5 69. Nd5 Ne5 70. Nc3 Nf3 71. Kf1 Ng5 72. Kg2 e3 73. Ne2 exf2
74. Kxf2 Nxh3+ 75. Kg2 Ng5 76. Ng1 Kg4 77. Kh1 f3 78. Nxf3 Kxf3 79. Kh2 h3 80.
Kg1 Kg3 81. Kh1 Ne4 0-1

[Event "XXVI Miedzynarodowy Festiwal Szachowy w Poznaniu - OPEN A"]
[Site "Poznan"]
[Date "2018-08-21"]
[Round "4.42"]
[White "Kolendo, Kajetan "]
[Black "Kugler, Pawel"]
[Result "0-1"]
[WhiteTitle ""]
[BlackTitle ""]
[WhiteElo "1132"]
[BlackElo "1561"]

1. e4 e6 2. d4 c5 3. Nf3 cxd4 4. Nxd4 b6 5. Nc3 Bb7 6. Bd3 a6 7. O-O Be7 8. f4
d6 9. f5 e5 10. Nf3 Nf6 11. Bg5 Nbd7 12. Qe2 Qc7 13. Rad1 b5 14. a3 Rc8 15. Rd2
h6 16. Bh4 O-O 17. Rfd1 Nc5 18. Bxf6 Bxf6 19. Qe3 Nxd3 20. Rxd3 Be7 21. R1d2 Kh7
22. Nd5 Bxd5 23. Rxd5 Qb7 24. Qf2 Rc6 25. Ne1 Qb8 26. Nd3 Bd8 27. Nb4 Bb6 0-1

[Event "XXVI Miedzynarodowy Festiwal Szachowy w Poznaniu - OPEN A"]
[Site "Poznan"]
[Date "2018-08-21"]
[Round "4.43"]
[White "Zatylny, Jan "]
[Black "Stanislawski, Karol"]
[Result "1-0"]
[WhiteTitle ""]
[BlackTitle ""]
[WhiteElo "1548"]
[BlackElo "1104"]

1. d4 f5 2. c4 Nf6 3. Nc3 g6 4. e3 Bg7 5. Nf3 O-O 6. Be2 d6 7. O-O e6 8. b3 Qe8
9. Bb2 e5 10. dxe5 dxe5 11. Qc2 a5 12. Rfd1 Na6 13. Ba3 Nb4 14. Bxb4 axb4 15.
Na4 e4 16. Ne1 Be6 17. Rac1 1-0

[Event "XXVI Miedzynarodowy Festiwal Szachowy w Poznaniu - OPEN A"]
[Site "Poznan"]
[Date "2018-08-21"]
[Round "4.44"]
[White "Dopierala, Adam"]
[Black "Zakrzewski, Bartosz"]
[Result "0-1"]
[WhiteTitle ""]
[BlackTitle ""]
[WhiteElo "1305"]
[BlackElo "1533"]

1. e4 c5 2. Nf3 Nc6 3. d4 cxd4 4. Nxd4 e6 5. Nc3 Qc7 6. Be2 a6 7. O-O Nf6 8. a3
Be7 9. Be3 O-O 10. Qd2 d5 11. exd5 exd5 12. Bf3 Be6 13. Rfe1 Bd6 14. h3 Ne5 15.
Be2 Rfe8 16. Nf3 Rac8 17. Rac1 Bxa3 18. Nxd5 Nxd5 19. bxa3 Nxe3 20. Qxe3 Nc4 21.
Bxc4 Qxc4 22. Qb6 Qc6 23. Qb4 Bxh3 24. Qf4 Qg6 25. Nh4 Qg4 26. Qxg4 Rxe1+ 27.
Rxe1 Bxg4 28. Re7 g5 29. Nf3 Bxf3 30. gxf3 Rxc2 31. Rxb7 Rc3 32. f4 gxf4 33. Rb4
Rxa3 34. Rxf4 Kg7 35. Kg2 Kg6 36. Rc4 h5 37. f3 Kg5 38. Kg3 a5 39. Rc5+ f5 40.
Rc4 h4+ 41. Rxh4 Rxf3+ 42. Kxf3 Kxh4 0-1

[Event "XXVI Miedzynarodowy Festiwal Szachowy w Poznaniu - OPEN A"]
[Site "Poznan"]
[Date "2018-08-21"]
[Round "4.46"]
[White "Muller, Marcin "]
[Black "Nicikowski, Jozef"]
[Result "0-1"]
[WhiteTitle ""]
[BlackTitle ""]
[WhiteElo "1351"]
[BlackElo "1459"]

1. e4 c6 2. d4 d5 3. e5 Bf5 4. Bd3 Bxd3 5. Qxd3 e6 6. c3 Ne7 7. Ne2 Ng6 8. Nd2
Be7 9. Nf3 Nd7 10. b4 Nb6 11. a4 Nc4 12. a5 a6 13. Nd2 Nxd2 14. Bxd2 O-O 15. g3
f6 16. exf6 gxf6 17. h4 e5 18. h5 e4 19. Qe3 Nh8 20. O-O-O b6 21. axb6 Qxb6 22.
c4 Bxb4 23. Qf4 Ba3+ 24. Kc2 Qb2# 0-1

[Event "XXVI Miedzynarodowy Festiwal Szachowy w Poznaniu - OPEN A"]
[Site "Poznan"]
[Date "2018-08-21"]
[Round "4.47"]
[White "Purczynski, Andrzej"]
[Black "Szafranski, Maciej "]
[Result "0-1"]
[WhiteTitle ""]
[BlackTitle ""]
[WhiteElo "1235"]
[BlackElo "1425"]

1. b4 e5 2. Bb2 Bxb4 3. Bxe5 Nf6 4. Nf3 O-O 5. e3 Nc6 6. a3 Be7 7. Bb2 d6 8. Be2
Re8 9. O-O Bf5 10. c4 Qd7 11. Nc3 Rad8 12. d4 Bf8 13. Nh4 Bg6 14. Nxg6 hxg6 15.
Qa4 a6 16. Qc2 Qe7 17. d5 Ne5 18. h3 Ned7 19. Bf3 Nc5 20. Rfe1 Nfe4 21. Nxe4 Nxe4
22. Bxe4 Qxe4 23. Qb3 b6 24. f3 Qh4 25. e4 f5 26. e5 dxe5 27. Rxe5 Bd6 28. Re6
Qg3 29. Qe3 Rxe6 30. Qxe6+ Kh7 31. Qe3 Rd7 32. Bd4 Re7 33. Qf2 Qf4 34. a4 Kg8
35. Kf1 Be5 36. Rd1 Kf7 37. Bxe5 Qxc4+ 38. Kg1 Rxe5 39. Rd4 Qc1+ 40. Kh2 Re1 41.
Rd2 g5 42. Rc2 Rh1+ 43. Kg3 Qf4# 0-1

[Event "XXVI Miedzynarodowy Festiwal Szachowy w Poznaniu - OPEN A"]
[Site "Poznan"]
[Date "2018-08-21"]
[Round "4.51"]
[White "Kaluzny, Stanislaw "]
[Black "Kapustka, Oskar"]
[Result "1-0"]
[WhiteTitle ""]
[BlackTitle ""]
[WhiteElo "1321"]
[BlackElo "1012"]

1. e4 c5 2. Nf3 Nc6 3. d4 cxd4 4. Nxd4 d6 5. c4 Bd7 6. Nc3 e6 7. Be3 Nf6 8. Be2
Be7 9. O-O O-O 10. f4 a6 11. Qe1 Qc7 12. f5 Rac8 13. Qg3 Kh8 14. Nc2 e5 15. Qh4
Qd8 16. Rf3 Ng8 17. Qh3 Nf6 18. Rg3 Rg8 19. Qh4 Nd5 20. Bg5 Bxg5 21. Rxg5 h6 22.
Rh5 Qxh4 23. Rxh4 Nf4 24. Bf1 Kh7 25. Rd1 g6 26. Rxd6 Be8 27. g3 gxf5 28. Rdxh6+
Kg7 29. gxf4 exf4 30. exf5 Kf8+ 31. Kh1 Ne5 32. Nd4 Ng4 33. Rxg4 Rxg4 34. Bh3
Rg8 35. b3 Rd8 36. Nd5 Bc6 37. Nxc6 bxc6 38. Rxc6 Re8 39. Bf1 Re5 40. f6 Ke8 41.
Rc8+ 1-0